Sant Feliu del Recó : las pinturas de F. Trias Pagés las pinturas de F. Trias Pagés
Descripción Física:
Il·lustracions
Colección:
San Jorge,
; núm. 17 (gener 1955), pàg. 38
Materias:
Trias, Fidel, -- 1918-1971
; Capella de Sant Fèlix (Castellar del Vallès, Catalunya)
; Pintura religiosa -- Sant Feliu del Recó -- Barcelona (Província)
; Sant Feliu del Racó
Idioma:
Español
MARC
| LEADER | 00000naa a2200000 a 4500 | ||
|---|---|---|---|
| 003 | Arxiu | ||
| 005 | 20260324181026.0 | ||
| 008 | 160829s1955 spcaxx s spa c | ||
| 040 | |a AGDB | ||
| 245 | 0 | 0 | |a Sant Feliu del Recó : |b las pinturas de F. Trias Pagés |
| 300 | |b Il·lustracions | ||
| 490 | |a San Jorge, |v núm. 17 (gener 1955), pàg. 38 | ||
| 600 | 1 | 0 | |9 55325 |a Trias, Fidel, |d 1918-1971 |
| 610 | 2 | 0 | |9 55326 |a Capella de Sant Fèlix (Castellar del Vallès, Catalunya) |
| 650 | 0 | |a Pintura religiosa |x Sant Feliu del Recó |z Barcelona (Província) | |
| 651 | 0 | |9 55324 |a Sant Feliu del Racó | |
| 773 | |g Núm. 17 (gener 1955), pàg. 38 |t San Jorge. | ||
| 901 | |a Arxiu | ||
| 942 | |n 1 |2 udc |c ART | ||
| 952 | |0 0 |1 0 |4 0 |6 REV510 |7 1 |9 65108 |a Arxiu |b Arxiu |d 2023-01-24 |l 0 |o Rev-510 |r 2023-01-24 00:00:00 |w 2023-01-24 |y ARXIU |z També disponible a Rev-524 | ||
| 999 | |c 44031 |d 44031 | ||